| 000 | 01309cam a2200325 a 4500 | ||
|---|---|---|---|
| 001 | 15324939 | ||
| 003 | OSt | ||
| 005 | 20170105102909.0 | ||
| 008 | 080611m20092007nyuab b 001 0 eng | ||
| 010 | _a 2008930854 | ||
| 020 | _a9780465013326 | ||
| 040 |
_aDLC _cDLC _dDLC |
||
| 043 |
_ae-uk--- _ae-gx--- |
||
| 050 | 0 | 0 |
_aDA16 _b.S53 2009 |
| 082 | 0 | 0 |
_a941.07 _222 _bSIM 2009 |
| 100 | 1 | _aSimms, Brendan. | |
| 245 | 1 | 0 |
_aThree victories and a defeat : _bthe rise and fall of the first British Empire, 1714-1783 / _cBrendan Simms. |
| 260 |
_aNew York : _bBasic Books, _c2009. |
||
| 300 |
_axvii, 802 p. : _bill., maps ; _c24 cm. |
||
| 500 | _aOriginally published: London ; New York : Allen Lane, 2007. | ||
| 504 | _aIncludes bibliographical references (p. 685-725) and index. | ||
| 651 | 0 |
_aGreat Britain _xColonies _xHistory _y18th century. |
|
| 651 | 0 |
_aGreat Britain _xHistory _y1714-1837. |
|
| 651 | 0 |
_aGreat Britain _xForeign relations _y1714-1837. |
|
| 651 | 0 |
_aGreat Britain _xForeign relations _zGermany. |
|
| 651 | 0 |
_aGermany _xForeign relations _zGreat Britain. |
|
| 906 |
_a7 _bcbc _corignew _d2 _eepcn _f20 _gy-gencatlg |
||
| 942 |
_2ddc _cBK |
||
| 999 |
_c15006 _d15006 |
||